banner-ar

دار الطراز فى عمل الموشحات / (Record no. 7731)

MARC details
000 -الفاتح
حقل البيانات ثابتة الطول 00906nam a2200217Ia 4500
008 - عناصر البيانات ثابتة الطول - معلومات عامة
حقل البيانات ثابتة الطول 140319s9999 xx 000 0 ara d
020 ## - الرقم الدولى المعيارى للكتب
الرقم الدولى المعيارى للكتاب 8751305977
040 ## - مصدر الفهرسة
وكالة الفهرسة الأصلية GCL /
وكالة النسخ GCL
082 04 - رقم تصنيف ديوى العشرى
رقم التصنيف 782.22
رقم المادة ا د
100 1# - المدخل الرئيسى - إسم شخصى
الإسم الشخصى ابوالقاسم هبة الله بن جغفر بن سناء الملك ابى عبدالله بن هبه الله السعدى
245 10 - بيان العنوان
العنوان دار الطراز فى عمل الموشحات /
بيان المسئوليه,etc ابوالقاسم هبة الله بن جغفر بن سناء الملك ابى عبدالله بن هبه الله السعدى
260 ## - PUBLICATION, DISTRIBUTION, ETC. (IMPRINT)
تاريخ النشر أو التوزيع 2004
300 ## - الوصف المادى
التعداد 176 ص ؛
أبعاد الوعاء 25 سم
490 ## - بيان السلسلة
عنوان السلسلة الذخائر
رقم المجلد/ التعيين التسلسلي 120
650 04 - المدخل الاضافى بالموضوع-مصطلح موضوعى
مصطلح موضوعي الموشحات
650 04 - المدخل الاضافى بالموضوع-مصطلح موضوعى
مصطلح موضوعي الموسيقى الدينية
650 04 - المدخل الاضافى بالموضوع-مصطلح موضوعى
مصطلح موضوعي الموشح
650 04 - المدخل الاضافى بالموضوع-مصطلح موضوعى
مصطلح موضوعي الموشح - تاريخ ونقد
942 ## - عناصر المدخل الإضافي( كوها)
مصدر التصنيف او مخطط الترفيف Dewey Decimal Classification
Koha [default] item type كتاب
260 ## - PUBLICATION, DISTRIBUTION, ETC. (IMPRINT)
-- القاهرة :
-- الهيئة العامة لقصور الثقافة ،
Holdings
حالة التراجع حالة الفقد حالة تلف ليس للاعارة المكان المؤقت الموقع الحالى تاريخ الاكتساب اجمالي اﻻعارات رقم الطلب الباركود تاريخ اخر مشاهدة تاريخ تفعيل السعر نوع وعاء كوها
        مكتبة القاهرة الكبرى مكتبة القاهرة الكبرى 03/26/2014   782.22\ا د 15893 03/26/2014 03/26/2014 كتاب

Powered By

EGPV